[Event "DEM U12/U12w 2013"]
[Site "Oberhof GER"]
[Date "2013.05.20"]
[Round "3"]
[White "Buckels, Valentin"]
[Black "Schneider, Jana"]
[Result "1/2-1/2"]
[Termination "normal"]
[Board "1"]
[WhiteElo "1994"]
[BlackElo "1644"]
[PlyCount "108"]
[WhiteFideId "12942766"]
[BlackFideId "12924997"]
[EventCountry "GER"]
[EventRounds "11"]
[EventType "swiss"]
[EventDate "2013.05.18"]

1. d4 d5 2. c4 Bf5 3. cxd5 Bxb1 4. Rxb1 Qxd5 5. b3 Nc6 6. e3 O-O-O 7. Qg4+ e6
8. Bd2 Nb4 9. Bc4 Qa5 10. a4 Nf6 11. Qf3 Nc2+ 12. Kd1 Bb4 13. Kxc2 Bxd2 14. Ne2
Kb8 15. Rhd1 Bb4 16. Nc1 c5 17. Ne2 cxd4 18. Rxd4 Rxd4 19. exd4 Rc8 20. Kb2 a6
21. Ra1 Nd5 22. Bxd5 exd5 23. Rc1 Rxc1 24. Nxc1 f6 25. Ne2 Bd2 26. Qd3 g6 27.
Qf3 f5 28. Qd3 Ka7 29. h4 Bh6 30. Qc3 Bd2 31. Qxa5 Bxa5 32. Nf4 Be1 33. Nd3 Ba5
34. b4 Bd8 35. g3 Kb6 36. Kc3 Kc6 37. Ne5+ Kc7 38. Nd3 b6 39. b5 a5 40. Kd2 Bf6
41. Ke3 g5 42. hxg5 Bxg5+ 43. Nf4 Kd6 44. Kf3 Bf6 45. Ne2 h5 46. Kf4 Ke6 47.
Ke3 h4 48. gxh4 Bxh4 49. Nf4+ Kd6 50. Nh5 Ke6 51. Ng7+ Kf6 52. Ne8+ Ke7 53. Nc7
Kd6 54. Na6 Bg5+ 1/2-1/2

[Event "DEM U12/U12w 2013"]
[Site "Oberhof GER"]
[Date "2013.05.20"]
[Round "3"]
[White "Laubrock, Paul"]
[Black "Gungl, Theo"]
[Result "1/2-1/2"]
[Termination "normal"]
[Board "2"]
[WhiteElo "1671"]
[BlackElo "1916"]
[PlyCount "118"]
[WhiteFideId "1270509"]
[BlackFideId "24695653"]
[EventCountry "GER"]
[EventRounds "11"]
[EventType "swiss"]
[EventDate "2013.05.18"]

1. e4 c5 2. Nc3 Nc6 3. Nf3 e5 4. Bc4 h6 5. d3 Nf6 6. O-O d6 7. h3 Be7 8. Be3
Nd4 9. Nd5 Nxd5 10. Bxd5 Ne6 11. c3 Nc7 12. Bb3 Be6 13. Bxe6 Nxe6 14. d4 exd4
15. cxd4 O-O 16. Rc1 Rc8 17. Qb3 Qb6 18. Qxb6 axb6 19. Rc2 Ra8 20. a3 Ra4 21.
Rd1 Rd8 22. Kf1 Bf6 23. dxc5 dxc5 24. Rxd8+ Bxd8 25. Nd2 Kf8 26. f3 Ke7 27. Ke1
f6 28. Nb1 Kd7 29. Nc3 Ra8 30. Nd5 Rc8 31. Rd2 Kc6 32. Kd1 b5 33. Rc2 b6 34.
Ke2 Nc7 35. Nc3 Kb7 36. Rd2 Kc6 37. Bf4 b4 38. axb4 cxb4 39. Nd5 Nxd5 40. Rxd5
Be7 41. Kd2 Ra8 42. Kc2 Ra1 43. Rd1 b3+ 44. Kd2 Bb4+ 45. Ke2 Ra2 46. Rb1 Ba3
47. Bc1 Bc5 48. Be3 Kb5 49. Kd3 Ra8 50. Rc1 Rd8+ 51. Ke2 Ra8 52. Rc3 Kb4 53.
Rc1 Kb5 54. Kd3 Rd8+ 55. Ke2 Rd7 56. Rc3 Kb4 57. Rc1 Kb5 58. Rc3 Kb4 59. Rc1
Kb5 1/2-1/2

[Event "DEM U12/U12w 2013"]
[Site "Oberhof GER"]
[Date "2013.05.20"]
[Round "3"]
[White "Martin, Julian"]
[Black "Schirra, Maurice"]
[Result "1-0"]
[Termination "normal"]
[Board "3"]
[WhiteElo "1847"]
[BlackElo "1656"]
[PlyCount "99"]
[WhiteFideId "12941000"]
[BlackFideId "12941115"]
[EventCountry "GER"]
[EventRounds "11"]
[EventType "swiss"]
[EventDate "2013.05.18"]

1. e4 e5 2. Nf3 Nf6 3. Nxe5 d6 4. Nf3 Nxe4 5. Nc3 Nf6 6. d4 d5 7. Bd3 Bd6 8.
O-O O-O 9. Bg5 c6 10. Qd2 Be6 11. Ne2 Nbd7 12. Bf4 Qc7 13. Bxd6 Qxd6 14. Ng3
Rfe8 15. h3 h6 16. Rfe1 Nf8 17. Nh4 Bd7 18. c3 Ne6 19. Re5 Kf8 20. Nhf5 Qc7 21.
Nxh6 Ng8 22. Nxg8 Kxg8 23. Rae1 Rad8 24. Bc2 Qd6 25. Qd3 g6 26. Qd2 Qf8 27. h4
Qg7 28. h5 Rf8 29. hxg6 fxg6 30. Rxe6 Bxe6 31. Rxe6 Rf6 32. Qe2 Rdf8 33. Qg4
Kf7 34. Nh5 gxh5 35. Re7+ Kxe7 36. Qxg7+ R8f7 37. Qg3 Kd7 38. f3 Kc8 39. Qh3+
Kc7 40. Qxh5 Kb6 41. c4 dxc4 42. Qc5+ Kc7 43. Qxc4 Rd7 44. Be4 Kb8 45. d5 cxd5
46. Bxd5 Rfd6 47. Be4 Rd1+ 48. Kh2 R1d2 49. Qb4 Kc8 50. Bf5 1-0

[Event "DEM U12/U12w 2013"]
[Site "Oberhof GER"]
[Date "2013.05.20"]
[Round "3"]
[White "Fieberg, Samuel"]
[Black "Degenhard, Simon"]
[Result "1/2-1/2"]
[Termination "normal"]
[Board "4"]
[WhiteElo "1900"]
[BlackElo "1711"]
[PlyCount "52"]
[WhiteFideId "12901717"]
[BlackFideId "12944017"]
[EventCountry "GER"]
[EventRounds "11"]
[EventType "swiss"]
[EventDate "2013.05.18"]

1. e4 c5 2. Nf3 a6 3. c3 e6 4. d4 d5 5. e5 Nc6 6. Be2 Nge7 7. Nbd2 Nf5 8. Nb3
cxd4 9. cxd4 Qb6 10. Bd3 Bb4+ 11. Bd2 Nfxd4 12. Nbxd4 Nxd4 13. Nxd4 Qxd4 14.
Qa4+ Bd7 15. Qxb4 Qxd3 16. Bg5 Qe4+ 17. Qxe4 dxe4 18. Ke2 Bc6 19. Bd2 O-O 20.
Bb4 Rfd8 21. Rhd1 Rd5 22. Bc3 Rad8 23. Rxd5 exd5 24. Bd4 Bb5+ 25. Kd2 Rc8 26.
Rc1 Rxc1 1/2-1/2

[Event "DEM U12/U12w 2013"]
[Site "Oberhof GER"]
[Date "2013.05.20"]
[Round "3"]
[White "Wong, Gengchun"]
[Black "Mätzkow, Maximilian Paul"]
[Result "0-1"]
[Termination "normal"]
[Board "5"]
[WhiteElo "1654"]
[BlackElo "1730"]
[PlyCount "130"]
[WhiteFideId "12963283"]
[BlackFideId "24679933"]
[EventCountry "GER"]
[EventRounds "11"]
[EventType "swiss"]
[EventDate "2013.05.18"]

1. d4 d5 2. Nf3 Nf6 3. c4 e6 4. Nc3 Nbd7 5. Bg5 c6 6. e3 Qa5 7. Nd2 dxc4 8.
Bxf6 Nxf6 9. Nxc4 Qc7 10. Bd3 Be7 11. O-O O-O 12. Rc1 Rd8 13. Qc2 a6 14. Ne4
Nxe4 15. Bxe4 h6 16. Rfd1 Rb8 17. a4 Bf6 18. a5 Qe7 19. Qb3 Bd7 20. Ne5 Be8 21.
Ng4 e5 22. Nxf6+ Qxf6 23. d5 cxd5 24. Bxd5 Bc6 25. Bxc6 bxc6 26. Rxd8+ Rxd8 27.
f3 Qg6 28. Qc3 e4 29. Qxc6 Rd1+ 30. Kf2 Rd2+ 31. Ke1 Rxg2 32. Qe8+ Kh7 33. Qxe4
Qxe4 34. fxe4 Rxb2 35. Rc6 Rxh2 36. Rxa6 Ra2 37. e5 h5 38. Kf1 h4 39. Kg1 Ra3
40. e4 Ra4 41. e6 fxe6 42. e5 Kg8 43. Rxe6 Rxa5 44. Re8+ Kf7 45. Rh8 g5 46.
Rh7+ Ke6 47. Kg2 Kxe5 48. Kf3 Ra3+ 49. Kg4 Rg3+ 50. Kh5 h3 51. Kg6 Kf4 52. Rf7+
Kg4 53. Rf5 h2 54. Rxg5+ Kf3 55. Rxg3+ Kxg3 56. Kf5 h1=Q 57. Ke5 Qh4 58. Kd5
Kf3 59. Ke5 Qe4+ 60. Kd6 Qf5 61. Kc6 Ke4 62. Kd6 Qd5+ 63. Ke7 Kf5 64. Ke8 Kf6
65. Kf8 Qf7# 0-1

[Event "DEM U12/U12w 2013"]
[Site "Oberhof GER"]
[Date "2013.05.20"]
[Round "3"]
[White "Muckle, Julius"]
[Black "Fromm, Katja"]
[Result "1/2-1/2"]
[Termination "normal"]
[Board "7"]
[WhiteElo "1804"]
[BlackElo "1546"]
[PlyCount "80"]
[WhiteFideId "12942430"]
[BlackFideId "12929409"]
[EventCountry "GER"]
[EventRounds "11"]
[EventType "swiss"]
[EventDate "2013.05.18"]

1. d4 Nf6 2. c4 e6 3. Nc3 d5 4. Nf3 c6 5. e3 Bd6 6. Be2 Nbd7 7. O-O O-O 8. a3
dxc4 9. Bxc4 e5 10. dxe5 Nxe5 11. Nxe5 Bxe5 12. f4 Bxc3 13. bxc3 Bg4 14. Qc2
Qe7 15. h3 Be6 16. Bxe6 Qxe6 17. Re1 Rfe8 18. c4 Qe4 19. Qxe4 Rxe4 20. Rb1 b6
21. c5 b5 22. Bb2 Nd5 23. Kf2 Rae8 24. Bd4 a5 25. g4 f6 26. f5 Kf7 27. Kf3 R8e7
28. Ra1 Nf4 29. h4 Nd5 30. h5 Re8 31. Rad1 b4 32. axb4 axb4 33. Ra1 Nc3 34.
Ra7+ Kf8 35. Bxc3 bxc3 36. Ra2 Rc4 37. Rc2 Re5 38. e4 Rexc5 39. Re3 Ke7 40. Rd3
Ke8 1/2-1/2

[Event "DEM U12/U12w 2013"]
[Site "Oberhof GER"]
[Date "2013.05.20"]
[Round "3"]
[White "Lellek, Lewin Louis"]
[Black "Wierzbicki, Jirawat"]
[Result "0-1"]
[Termination "normal"]
[Board "8"]
[WhiteElo "1276"]
[BlackElo "1704"]
[PlyCount "101"]
[WhiteFideId "12971820"]
[BlackFideId "1153579"]
[EventCountry "GER"]
[EventRounds "11"]
[EventType "swiss"]
[EventDate "2013.05.18"]

1. e4 e5 2. Nf3 Nc6 3. Bc4 Nf6 4. Ng5 d5 5. exd5 Na5 6. Bb5+ c6 7. dxc6 bxc6 8.
Be2 h6 9. Nh3 Bxh3 10. gxh3 Bd6 11. d3 Nd5 12. Bf3 O-O 13. Bxd5 cxd5 14. Qg4
Qf6 15. Nc3 Bc5 16. O-O Rad8 17. b4 Bd4 18. Bd2 Nc6 19. a3 e4 20. Nxd5 Rxd5 21.
Rad1 exd3 22. cxd3 Ne5 23. Qf4 Qxf4 24. Bxf4 Nxd3 25. Rxd3 Bxf2+ 26. Rxf2 Rxd3
27. Rg2 Rxh3 28. Kf2 Kh7 29. Be5 f6 30. Bb2 Rb3 31. Ke1 Rd8 32. Rc2 Rbd3 33.
Ke2 Rh3 34. Ke1 Rd7 35. Re2 Rdd3 36. Rc2 Rb3 37. Rd2 f5 38. Rc2 f4 39. Rg2 g5
40. Rc2 f3 41. Rd2 Rh4 42. Rc2 Re4+ 43. Kf1 Re2 44. Rc3 Rbxb2 45. Rxf3 Rxh2 46.
Kg1 Rhc2 47. Rf7+ Kg6 48. Rf3 Rb1+ 49. Rf1 Rxf1+ 50. Kxf1 Ra2 51. Ke1 0-1

[Event "DEM U12/U12w 2013"]
[Site "Oberhof GER"]
[Date "2013.05.20"]
[Round "3"]
[White "Mönster, Madita"]
[Black "Reimann, Sebastian"]
[Result "1-0"]
[Termination "normal"]
[Board "9"]
[WhiteElo "1503"]
[BlackElo "1629"]
[PlyCount "89"]
[WhiteFideId "12947156"]
[BlackFideId "12928054"]
[EventCountry "GER"]
[EventRounds "11"]
[EventType "swiss"]
[EventDate "2013.05.18"]

1. e4 e5 2. Nf3 Nc6 3. Bc4 Bc5 4. b4 Bxb4 5. c3 Ba5 6. d4 exd4 7. O-O d6 8. Qb3
Qe7 9. Re1 Nf6 10. e5 dxe5 11. Ba3 Qd7 12. Nxe5 Nxe5 13. Rxe5+ Kd8 14. Be7+
Qxe7 15. Rxe7 Kxe7 16. Qa3+ Kd8 17. Qxa5 Re8 18. Nd2 b6 19. Qa3 dxc3 20. Qxc3
Bb7 21. Bxf7 Re7 22. Bb3 c5 23. Nc4 Kc7 24. Qg3+ Kd8 25. Rd1+ Bd5 26. Ne3 Ke8
27. Nxd5 Nxd5 28. Bxd5 Rd8 29. Bc6+ Kf7 30. Qf4+ Kg6 31. Qg3+ Kf7 32. Qb3+ Kg6
33. h3 Rxd1+ 34. Qxd1 Re6 35. Bd5 Re7 36. Qg4+ Kf6 37. Qh4+ g5 38. Qh6+ Ke5 39.
Qxg5+ Kd6 40. Qf6+ Kd7 41. Qc6+ Kd8 42. Be6 Rc7 43. Qd6+ Ke8 44. Qxc7 Kf8 45.
Qf7# 1-0

[Event "DEM U12/U12w 2013"]
[Site "Oberhof GER"]
[Date "2013.05.20"]
[Round "3"]
[White "Schmidek, Emil"]
[Black "Wiesner, Alexander"]
[Result "1-0"]
[Termination "time forfeit"]
[Board "10"]
[WhiteElo "1957"]
[BlackElo "1658"]
[PlyCount "79"]
[WhiteFideId "12908150"]
[BlackFideId "12943991"]
[EventCountry "GER"]
[EventRounds "11"]
[EventType "swiss"]
[EventDate "2013.05.18"]

1. e4 c5 2. Nf3 Nc6 3. d4 cxd4 4. Nxd4 Nf6 5. Nc3 e5 6. Ndb5 d6 7. Bg5 a6 8.
Na3 b5 9. Bxf6 gxf6 10. Nd5 f5 11. g3 Be6 12. Bg2 Rc8 13. c3 Bg7 14. Nc2 O-O
15. exf5 Bxf5 16. Nce3 Be6 17. O-O f5 18. f4 Ne7 19. Nxe7+ Qxe7 20. Bd5 Kh8 21.
Qb3 Bxd5 22. Nxd5 Qe6 23. Nb4 Qe7 24. Qd5 a5 25. Nc2 Rc5 26. Qd2 Bh6 27. Rad1
Rd8 28. Qe2 Qa7 29. fxe5 Rxe5+ 30. Qf2 Qb7 31. Rfe1 Qe7 32. Qd4 Bg7 33. Rxe5
Qxe5 34. Qxe5 Bxe5 35. Rd5 Rb8 36. Nd4 b4 37. Nc6 Rb6 38. Nxe5 dxe5 39. Rxe5
bxc3 40. bxc3 1-0

[Event "DEM U12/U12w 2013"]
[Site "Oberhof GER"]
[Date "2013.05.20"]
[Round "3"]
[White "Acikel, Mert"]
[Black "Rockmann, Jan-Okke"]
[Result "0-1"]
[Termination "normal"]
[Board "11"]
[WhiteElo "1727"]
[BlackElo "1785"]
[PlyCount "32"]
[WhiteFideId "12956465"]
[BlackFideId "12942111"]
[EventCountry "GER"]
[EventRounds "11"]
[EventType "swiss"]
[EventDate "2013.05.18"]

1. e4 e5 2. Nf3 Nc6 3. Bc4 Nf6 4. d4 exd4 5. O-O Nxe4 6. Re1 d5 7. Bxd5 Qxd5 8.
Nc3 Qh5 9. Nxe4 Be6 10. Neg5 O-O-O 11. Nxe6 fxe6 12. Rxe6 Bd6 13. Bg5 Bxh2+ 14.
Kf1 Rde8 15. Rxe8+ Rxe8 16. g3 Qh3# 0-1

[Event "DEM U12/U12w 2013"]
[Site "Oberhof GER"]
[Date "2013.05.20"]
[Round "3"]
[White "Renger, Niklas"]
[Black "Ewert, Hannes"]
[Result "1/2-1/2"]
[Termination "normal"]
[Board "12"]
[WhiteElo "1815"]
[BlackElo "1678"]
[PlyCount "120"]
[WhiteFideId "12908096"]
[BlackFideId "12961574"]
[EventCountry "GER"]
[EventRounds "11"]
[EventType "swiss"]
[EventDate "2013.05.18"]

1. e4 d6 2. d4 Nf6 3. Nc3 e5 4. dxe5 dxe5 5. Qxd8+ Kxd8 6. Nf3 Bd6 7. Bg5 Be6
8. O-O-O Nbd7 9. Kb1 h6 10. Bh4 a6 11. Bg3 Kc8 12. a4 Nh5 13. Nd2 Bb4 14. Na2
Bxa2+ 15. Kxa2 Nxg3 16. hxg3 Bxd2 17. Rxd2 Nc5 18. Rd5 Nxe4 19. Rxe5 Nxf2 20.
Rh4 g5 21. Rxg5 Ne4 22. Rgg4 Nd6 23. Rh5 Kd7 24. Rgh4 Rag8 25. g4 Ne4 26. Bd3
Nf6 27. Rxh6 Rxh6 28. Rxh6 Nxg4 29. Rh7 Ke7 30. Rh4 Nf6 31. Rh2 Rg4 32. b3 Nd5
33. Kb2 Ne3 34. Be2 Rg6 35. Bd3 Rg5 36. Kc3 c6 37. Be4 Ke6 38. Bf3 Nf5 39. Kd3
Rg8 40. c3 Ke5 41. Rh7 Rd8+ 42. Ke2 Kf6 43. Rh3 Re8+ 44. Kd2 Ng7 45. Bh5 Nxh5
46. Rxh5 Rg8 47. Rh2 Ke5 48. Ke3 Rg3+ 49. Kd2 b5 50. axb5 axb5 51. Kc2 f5 52.
Kd2 c5 53. Rh4 Rxg2+ 54. Ke3 Rb2 55. b4 c4 56. Rh8 f4+ 57. Kf3 Rb3 58. Rh5+ Kd6
59. Rxb5 Rxc3+ 60. Kxf4 Rh3 1/2-1/2

[Event "DEM U12/U12w 2013"]
[Site "Oberhof GER"]
[Date "2013.05.20"]
[Round "3"]
[White "Enache, Rares"]
[Black "Zienert, Richard"]
[Result "1-0"]
[Termination "normal"]
[Board "13"]
[WhiteElo "1628"]
[BlackElo "1846"]
[PlyCount "77"]
[WhiteFideId "12976440"]
[BlackFideId "12945986"]
[EventCountry "GER"]
[EventRounds "11"]
[EventType "swiss"]
[EventDate "2013.05.18"]

1. e4 c5 2. Nf3 e6 3. d4 cxd4 4. Nxd4 a6 5. Be3 Nf6 6. Nc3 Qc7 7. a3 Nc6 8. Be2
Be7 9. f4 O-O 10. O-O b5 11. e5 Ne8 12. Nxc6 dxc6 13. Qe1 Bb7 14. Rd1 c5 15.
Bf3 Rc8 16. Rd2 Bxf3 17. Rxf3 Rd8 18. Rxd8 Qxd8 19. Rf2 g6 20. Rd2 Qc7 21. Qd1
Qc6 22. Rd7 Ng7 23. g4 b4 24. Rxe7 bxc3 25. bxc3 Qe4 26. Qd2 Qf3 27. Rd7 Qxg4+
28. Qg2 Qh4 29. Qg3 Qh5 30. Bxc5 Rb8 31. Rd2 Nf5 32. Qg5 Rb1+ 33. Kg2 Nh4+ 34.
Kh3 Nf3+ 35. Qxh5 gxh5 36. Rg2+ Kh8 37. Be7 Ng1+ 38. Kh4 Nf3+ 39. Kxh5 1-0

[Event "DEM U12/U12w 2013"]
[Site "Oberhof GER"]
[Date "2013.05.20"]
[Round "3"]
[White "Engel, Luis"]
[Black "Shoipov, Dennie"]
[Result "1-0"]
[Termination "normal"]
[Board "14"]
[WhiteElo "1740"]
[BlackElo "1816"]
[PlyCount "111"]
[WhiteFideId "12961523"]
[BlackFideId "14137755"]
[EventCountry "GER"]
[EventRounds "11"]
[EventType "swiss"]
[EventDate "2013.05.18"]

1. e4 c5 2. Nf3 Nc6 3. Bb5 g6 4. O-O Bg7 5. Re1 e6 6. c3 Nge7 7. d4 cxd4 8.
cxd4 O-O 9. Nc3 d5 10. e5 Bd7 11. Bf1 Rc8 12. Bg5 h6 13. Bxe7 Nxe7 14. Qb3 Bc6
15. Rac1 a6 16. a4 g5 17. h3 Ng6 18. Qa3 h5 19. g4 hxg4 20. hxg4 f5 21. exf6
Qxf6 22. Bg2 Nh4 23. Re3 Nxf3+ 24. Bxf3 Qxd4 25. Qd6 Qf6 26. Rd1 d4 27. Rxd4
Qxd4 28. Qxe6+ Rf7 29. Qxc8+ Kh7 30. Bxc6 bxc6 31. Qe6 Rf6 32. Qe4+ Qxe4 33.
Nxe4 Rf4 34. Rh3+ Kg6 35. f3 Bxb2 36. Kf2 c5 37. Ke2 c4 38. Rh5 Bf6 39. Rh1 Bb2
40. Rd1 c3 41. Rd6+ Kg7 42. Rc6 a5 43. Rc5 Kf8 44. Nxc3 Bxc3 45. Rxc3 Rxa4 46.
Rc5 Ra2+ 47. Kf1 a4 48. Rxg5 Rb2 49. Ra5 Rb3 50. Kg2 a3 51. Kg3 Kg7 52. g5 Kf7
53. Kg4 Kg6 54. f4 Rc3 55. Ra7 Rc5 56. Rxa3 1-0

[Event "DEM U12/U12w 2013"]
[Site "Oberhof GER"]
[Date "2013.05.20"]
[Round "3"]
[White "Savchenko, Daniel"]
[Black "Liebeck, Eddie"]
[Result "1-0"]
[Termination "normal"]
[Board "15"]
[WhiteElo "1763"]
[BlackElo "1726"]
[PlyCount "67"]
[WhiteFideId "12919195"]
[BlackFideId "12945854"]
[EventCountry "GER"]
[EventRounds "11"]
[EventType "swiss"]
[EventDate "2013.05.18"]

1. e4 e5 2. Nf3 Nc6 3. Bb5 a6 4. Ba4 Bc5 5. c3 Ba7 6. d4 exd4 7. cxd4 Qe7 8.
Nc3 b5 9. Bc2 Nb4 10. Bb1 Nf6 11. O-O Bb7 12. d5 a5 13. Nxb5 d6 14. Nxa7 Rxa7
15. a3 Na6 16. Qa4+ Qd7 17. Qxa5 O-O 18. Qc3 Nc5 19. Nd2 Ba6 20. Re1 Na4 21.
Qe3 Rb7 22. b4 Re8 23. Ba2 Nb6 24. Bb2 Na4 25. Bxf6 gxf6 26. Bc4 Bxc4 27. Nxc4
Kh8 28. Na5 Rbb8 29. Nc6 Rb7 30. Qh6 f5 31. exf5 Nb6 32. Rxe8+ Qxe8 33. f6 Qg8
34. Ne7 1-0

[Event "DEM U12/U12w 2013"]
[Site "Oberhof GER"]
[Date "2013.05.20"]
[Round "3"]
[White "Heldt, Nils-Lennart"]
[Black "Poghosyan, Tigran"]
[Result "0-1"]
[Termination "normal"]
[Board "16"]
[WhiteElo "1499"]
[BlackElo "1945"]
[PlyCount "54"]
[WhiteFideId "12952109"]
[BlackFideId "12909319"]
[EventCountry "GER"]
[EventRounds "11"]
[EventType "swiss"]
[EventDate "2013.05.18"]

1. e4 c5 2. Nf3 d6 3. d4 cxd4 4. Nxd4 Nf6 5. Nc3 a6 6. Bg5 Nbd7 7. f4 Qc7 8.
Qf3 h6 9. Bh4 g5 10. Bg3 gxf4 11. Bh4 e5 12. Nb3 Be7 13. Bxf6 Nxf6 14. h3 b5
15. O-O-O Be6 16. Bd3 Rg8 17. Rd2 Rg3 18. Qd1 Rc8 19. Kb1 Bc4 20. Bxc4 bxc4 21.
Na1 Rxc3 22. bxc3 Nxe4 23. Qe1 Nxd2+ 24. Qxd2 Qb6+ 25. Kc1 Rb8 26. Kd1 Qb1+ 27.
Qc1 Qxc1+ 0-1

[Event "DEM U12/U12w 2013"]
[Site "Oberhof GER"]
[Date "2013.05.20"]
[Round "3"]
[White "Forster, Lukas"]
[Black "Reuker, Jari"]
[Result "0-1"]
[Termination "normal"]
[Board "17"]
[WhiteElo "1494"]
[BlackElo "1802"]
[PlyCount "66"]
[WhiteFideId "12971790"]
[BlackFideId "12909300"]
[EventCountry "GER"]
[EventRounds "11"]
[EventType "swiss"]
[EventDate "2013.05.18"]

1. e4 c5 2. Nf3 Nc6 3. d4 cxd4 4. Nxd4 Nf6 5. Nc3 d6 6. Be3 e5 7. Nb3 Be7 8. f3
O-O 9. Qd2 a5 10. Na4 Be6 11. Nb6 a4 12. Nxa8 Qxa8 13. Nc1 d5 14. Bd3 Rd8 15.
Qf2 a3 16. c3 d4 17. cxd4 exd4 18. Bf4 Bb4+ 19. Kf1 axb2 20. Qxb2 Bc3 21. Qb1
Qa4 22. Bc2 Bc4+ 23. Nd3 Qa6 24. Ke2 Nb4 25. Rd1 Nd7 26. a3 Nxc2 27. Qxc2 Bxa1
28. Rxa1 Nc5 29. Rd1 f6 30. Bc7 Rc8 31. Bg3 Nxd3 32. Rxd3 Bxd3+ 33. Qxd3 Rc2+
0-1

[Event "DEM U12/U12w 2013"]
[Site "Oberhof GER"]
[Date "2013.05.20"]
[Round "3"]
[White "Schnabel, Bennett"]
[Black "Weller, Uli"]
[Result "0-1"]
[Termination "normal"]
[Board "18"]
[WhiteElo "1708"]
[BlackElo "1501"]
[PlyCount "122"]
[WhiteFideId "12943290"]
[BlackFideId "12971782"]
[EventCountry "GER"]
[EventRounds "11"]
[EventType "swiss"]
[EventDate "2013.05.18"]

1. d4 e6 2. Nf3 f5 3. e3 d5 4. c4 Nf6 5. Nc3 c6 6. Bd3 Be7 7. Qc2 Ne4 8. Ne5
O-O 9. Bd2 Nd7 10. Nxd7 Bxd7 11. f3 Nxc3 12. Bxc3 Bd6 13. O-O-O dxc4 14. Bxc4
b5 15. Bd3 a5 16. g4 Qg5 17. Bd2 Bb4 18. h4 Qh6 19. g5 Qh5 20. f4 Rfc8 21. Kb1
c5 22. Bxb4 cxb4 23. Qe2 Qxe2 24. Bxe2 Bc6 25. Rhe1 a4 26. Bd3 b3 27. a3 Rab8
28. Rc1 b4 29. axb4 Rxb4 30. Rc5 Bb7 31. Rec1 Rxc5 32. dxc5 Bc6 33. Rd1 Rb7 34.
Bc4 Kf7 35. Rd6 Be4+ 36. Ka1 Re7 37. Ra6 Bc2 38. Rxa4 Rd7 39. Bxb3 Bxb3 40. Rd4
Rxd4 41. exd4 Ke7 42. Kb1 Kd7 43. Kc1 Kc6 44. Kd2 Kd5 45. Kc3 Bc4 46. b4 Bb5
47. h5 g6 48. h6 Ba6 49. Kb3 Bb5 50. Kc3 Ke4 51. c6 Bxc6 52. Kc4 Kxf4 53. Kc5
Bd5 54. b5 Ke4 55. Kd6 f4 56. Ke7 Kf5 57. Kf7 Kxg5 58. Kg7 f3 59. Kxh7 f2 60.
Kg7 f1=Q 61. h7 Qf6+ 0-1

[Event "DEM U12/U12w 2013"]
[Site "Oberhof GER"]
[Date "2013.05.20"]
[Round "3"]
[White "Müller, Elias"]
[Black "Fesselier, Chelsea"]
[Result "1/2-1/2"]
[Termination "normal"]
[Board "19"]
[WhiteElo "1674"]
[BlackElo "1416"]
[PlyCount "131"]
[WhiteFideId "12917133"]
[BlackFideId "26024624"]
[EventCountry "GER"]
[EventRounds "11"]
[EventType "swiss"]
[EventDate "2013.05.18"]

1. e4 c5 2. Nf3 e6 3. d4 cxd4 4. Nxd4 Nc6 5. Nc3 Qc7 6. Be3 a6 7. f3 d6 8. Qd2
Nf6 9. g4 Be7 10. h4 Nxd4 11. Bxd4 e5 12. Be3 Be6 13. h5 O-O-O 14. g5 Nd7 15.
Nd5 Bxd5 16. exd5 Nc5 17. Qc3 Kb8 18. Bh3 Ka8 19. a4 a5 20. Bf5 Na6 21. Qxc7
Nxc7 22. O-O-O Kb8 23. Kb1 g6 24. Bg4 Rde8 25. f4 f5 26. gxf6 Bxf6 27. fxe5
Bxe5 28. hxg6 hxg6 29. Rxh8 Rxh8 30. b3 Rh4 31. Bd7 Re4 32. Bb6 Bc3 33. Rf1
Re1+ 34. Rxe1 Bxe1 35. Be6 Bd2 36. c4 g5 37. Kc2 Bb4 38. Bf5 Na6 39. Be3 Kc7
40. Bxg5 Nc5 41. Bf6 b6 42. Bg5 Ba3 43. Kc3 Bb4+ 44. Kb2 Be1 45. Bc2 Bb4 46.
Kc1 Ba3+ 47. Kd1 Bb4 48. Ke2 Ba3 49. Kf3 Bb4 50. Kg4 Bc3 51. Kf5 Kd7 52. Kg6
Bb4 53. Bf6 Ba3 54. Kf7 Bb4 55. Bg5 Ba3 56. Bf4 Bb4 57. Bc1 Bc3 58. Be3 Bb4 59.
Bd4 Ba3 60. Bc3 Bb4 61. Bxb4 axb4 62. Kf6 Kd8 63. Kf7 Kd7 64. Bf5+ Kc7 65. Bc2
Kd7 66. Bf5+ 1/2-1/2

[Event "DEM U12/U12w 2013"]
[Site "Oberhof GER"]
[Date "2013.05.20"]
[Round "3"]
[White "Wolf, Pablo"]
[Black "Wübker, Paul-Luca"]
[Result "0-1"]
[Termination "normal"]
[Board "20"]
[WhiteElo "1506"]
[BlackElo "1479"]
[PlyCount "114"]
[WhiteFideId "12943894"]
[BlackFideId "12939528"]
[EventCountry "GER"]
[EventRounds "11"]
[EventType "swiss"]
[EventDate "2013.05.18"]

1. e4 c5 2. Nc3 d6 3. g3 Nf6 4. Bg2 g6 5. d3 Bg7 6. Be3 O-O 7. f4 Nc6 8. Nf3
Bd7 9. O-O Qc8 10. Re1 Bh3 11. Qc1 Bxg2 12. Kxg2 Ng4 13. Bg1 Nd4 14. Nd5 Re8
15. c3 Nxf3 16. Kxf3 Nf6 17. Nxf6+ Bxf6 18. Kg2 Bg7 19. Rf1 e6 20. g4 f6 21. f5
exf5 22. gxf5 g5 23. Bf2 Qc6 24. Re1 d5 25. Qe3 dxe4 26. dxe4 Re5 27. Bg3 Rxf5
28. Kg1 Re8 29. Qd3 c4 30. Qc2 Rb5 31. Rad1 Qb6+ 32. Kh1 Rxb2 33. Qa4 Qc6 34.
Qxc6 bxc6 35. Ra1 Rc2 36. Re3 f5 37. Rf3 fxe4 38. Rf5 Bxc3 39. Rxg5+ Kf7 40.
Rf1+ Ke6 41. Rh5 e3 42. Rf4 Rd8 43. Rh6+ Ke7 44. Rxh7+ Ke8 45. Re4+ Kf8 46.
Rxe3 Rd1+ 47. Be1 Bxe1 48. Rf3+ Kg8 49. Rhf7 Bg3+ 50. Rf1 Rxf1+ 51. Rxf1 Rxh2+
52. Kg1 Rxa2 53. Rf6 c3 54. Rg6+ Kf7 55. Rxg3 c2 56. Rf3+ Ke6 57. Rf1 Rb2 0-1

[Event "DEM U12/U12w 2013"]
[Site "Oberhof GER"]
[Date "2013.05.20"]
[Round "3"]
[White "Steffens, Oliver"]
[Black "Mantel, Ruben"]
[Result "1/2-1/2"]
[Termination "normal"]
[Board "21"]
[WhiteElo "1432"]
[BlackElo "1667"]
[PlyCount "43"]
[WhiteFideId "12947148"]
[BlackFideId "12930121"]
[EventCountry "GER"]
[EventRounds "11"]
[EventType "swiss"]
[EventDate "2013.05.18"]

1. e4 e6 2. d3 d5 3. Nd2 Nf6 4. Ngf3 b6 5. g3 Bb7 6. exd5 Nxd5 7. Bg2 Nd7 8.
O-O N5f6 9. Nc4 Be7 10. Qe2 O-O 11. Bd2 Re8 12. Bc3 Nf8 13. Nce5 Nd5 14. Bd2 f6
15. Ng4 e5 16. Nh4 Qc8 17. Bh3 Qd8 18. Nh6+ gxh6 19. Qg4+ Kh8 20. Bxh6 Ng6 21.
Nxg6+ hxg6 22. Qxg6 1/2-1/2

[Event "DEM U12/U12w 2013"]
[Site "Oberhof GER"]
[Date "2013.05.20"]
[Round "3"]
[White "Reinecke, Katharina"]
[Black "Hoffmann, Fabian"]
[Result "0-1"]
[Termination "normal"]
[Board "22"]
[WhiteElo "1608"]
[BlackElo "1650"]
[PlyCount "76"]
[WhiteFideId "12929727"]
[BlackFideId "12964891"]
[EventCountry "GER"]
[EventRounds "11"]
[EventType "swiss"]
[EventDate "2013.05.18"]

1. e4 e5 2. Nf3 Nc6 3. Bc4 Bc5 4. c3 Nf6 5. d3 a6 6. O-O O-O 7. Nbd2 d6 8. Bb3
Be6 9. h3 Ba7 10. Re1 Qd7 11. Nf1 Rfe8 12. Bxe6 fxe6 13. Ng3 Rad8 14. Bg5 Qf7
15. Qc2 Qg6 16. Rad1 d5 17. Qc1 h6 18. Bh4 Rf8 19. d4 dxe4 20. Nxe5 Nxe5 21.
dxe5 Rxd1 22. Qxd1 Nd5 23. Nxe4 Rf4 24. Qd3 Rxh4 25. Nf6+ Kf7 26. Qxg6+ Kxg6
27. Nxd5 exd5 28. b4 Re4 29. Kf1 Kf5 30. g4+ Kxe5 31. Rxe4+ dxe4 32. Ke2 Kf4
33. a3 g5 34. a4 c6 35. c4 Bd4 36. c5 Bc3 37. b5 axb5 38. axb5 cxb5 0-1